Double standards in medical research in developing countries /
Se exploran las controversias éticas que han rodeado el diseño y conducción de la investigación médica internacional patrocinada por industrias o países desarrollados que es efectuada en países en desarrollo. Se describen los debates actuales en la investigación internacional, los dilemas en la elab...
Uloženo v:
| Hlavní autor: | |
|---|---|
| Médium: | Neznámo |
| Jazyk: | English |
| Vydáno: |
Reino Unido :
Cambridge University Press,
|
| Edice: | Cambridge Law, Medicine and Ethics
|
| Témata: | |
| On-line přístup: | _ |
| Tagy: |
Přidat tag
Žádné tagy, Buďte první, kdo vytvoří štítek k tomuto záznamu!
|
MARC
| LEADER | 00000 a2200000 04500 | ||
|---|---|---|---|
| 001 | 40264 | ||
| 003 | cru CIDCACS/IIS | ||
| 005 | 20171116111245.0 | ||
| 008 | 050626s2004 -uk eng d | ||
| 999 | |c 8204 |d 8204 | ||
| 020 | |a 0-521-54170-0 | ||
| 040 | |c CIDCACS/IIS | ||
| 090 | |a 05.03.05 M156d | ||
| 100 | |a Macklin, Ruth | ||
| 245 | |a Double standards in medical research in developing countries / |c Ruth Macklin | ||
| 260 | |a Reino Unido : |b Cambridge University Press, | ||
| 300 | |a 280 páginas | ||
| 440 | |a Cambridge Law, Medicine and Ethics | ||
| 500 | |a Fotocopia | ||
| 520 | |a Se exploran las controversias éticas que han rodeado el diseño y conducción de la investigación médica internacional patrocinada por industrias o países desarrollados que es efectuada en países en desarrollo. Se describen los debates actuales en la investigación internacional, los dilemas en la elaboración de estándares éticos, explotación de los participantes, consentimiento informado, disponibilidad de los medicamentos desarrollados y otros. Se concluye que la mejor opción sería hacer disponibles los recursos de salud en los países pobres mediante alianzas público-privadas, eliminar las barreras comerciales hacia los productos genéricos, y apegarse a principios éticos universales, a falta de guías de trabajo más específicas. | ||
| 590 | |a DISEMINAR062011/EFU/JULIO2011 | ||
| 650 | |a BIOETICA | ||
| 650 | |a INVESTIGACION MEDICA | ||
| 650 | |a VALORES SOCIALES | ||
| 650 | |a ESTUDIOS DE CASOS | ||
| 650 | |a REGLAMENTOS | ||
| 650 | |a CONSECUENCIAS SOCIALES | ||
| 856 | |u http://www.cambridge.org/ |y _ |q URL | ||
| 942 | |2 ddc |c LI | ||



